000 00839nas a2200277 4500
001 BR2011007929
003 BR-BrBNA
005 20231205115234.0
007 ta
008 230509b bl.|||p| |||| 00| 00por d
040 _aBR-BrBNA
_bpor
_cBiblioteca Nacional de Agricultura
041 _a(Pt)
072 _aF04
100 1 _aGomes, M.T. de M.S.
100 1 _aEça. K.S.
100 1 _aViotto, L.A.
245 1 _aConcentração da vinhaça por microfiltração seguida de nanofiltração com membranas
650 _aVINHAÇA
650 _aMATÉRIA ORGÂNICA
650 _aMEMBRANA
650 _aFILTRAÇÃO
650 _aADUBAÇÃO
773 0 _tPesquisa Agropecuária Brasileira (Brazil)
_xISSN 0100-204X
_g(Jun 2011), v. 46(6) p. 633-638
_wBR2011007929
909 _a202311
_bLúcia
_c55
_dLúcia Elande
942 _2AGRIS
_n0
_cANA
999 _c212775
_d212775